[Event "EST-ch (Women)"]
[Site "Tallinn"]
[Date "2014.04.30"]
[Round "2"]
[White "Narva, Regina R"]
[Black "Piarnpuu, Leili"]
[Result "1-0"]
[WhiteElo "2047"]
[BlackElo "2076"]
[PlyCount "81"]
[EventDate "2014.04.28"]
[EventType "tourn"]
[EventRounds "7"]
[EventCountry "EST"]
[SourceTitle "CBM 160 Extra"]
[Source "ChessBase"]
[SourceDate "2014.07.01"]
[SourceVersion "1"]
[SourceVersionDate "2014.07.01"]
[SourceQuality "1"]

1. e4 e5 2. Nf3 Nc6 3. Bc4 Bc5 4. c3 Nf6 5. d3 d6 6. h3 h6 7. Bb3 a6 8. 0-0 0-0 9. Re1 Ba7 10. Nbd2 Be6 11. Nf1 Qd7 12. Ne3 Rfe8 13. Bc2 d5 14. Qe2 d4 15. Nf1 Qe7 16. g4 Nh7 17. Ng3 b5 18. Nf5 Bxf5 19. gxf5 Kh8 20. Kh2 dxc3 21. bxc3 Qc5 22. Bb3 Re7 23. Bd5 Qd6 24. a4 b4 25. cxb4 Rb8 26. Bxc6 Qxc6 27. Bd2 Qd6 28. Rec1 Rd8 29. Ra3 a5 30. Rb3 axb4 31. Bxb4 c5 32. Bd2 Nf8 33. Rcb1 Nd7 34. Rb7 Nb8 35. Ba5 Rdd7 36. R7b5 Nc6 37. R1b3 Nd4 38. Nxd4 exd4+ 39. Kg2 Qf4 40. Qg4 Qc1 41. f6 1-0

[Event "Olympiad Women-39"]
[Site "Khanty-Mansiysk"]
[Date "2010.10.01"]
[Round "10.15"]
[White "Koepke, Elena"]
[Black "Piarnpuu, Leili"]
[Result "1-0"]
[WhiteElo "2346"]
[BlackElo "2111"]
[PlyCount "105"]
[EventDate "2010.09.21"]
[EventType "team-swiss"]
[EventRounds "11"]
[EventCountry "RUS"]
[SourceTitle "CBM 139"]
[Source "ChessBase"]
[SourceDate "2010.11.18"]
[SourceVersion "1"]
[SourceVersionDate "2010.11.18"]
[SourceQuality "1"]
[WhiteTeam "Germany (W)"]
[BlackTeam "Estonia (W)"]
[WhiteTeamCountry "GER"]
[BlackTeamCountry "EST"]

1. e4 e5 2. Nf3 Nc6 3. d4 exd4 4. Nxd4 Bc5 5. Nxc6 Qf6 6. Qf3 bxc6 7. Nd2 d6 8. Nb3 Bb6 9. c4 a5 10. a4 Be6 11. Ra3 Qxf3 12. gxf3 Ne7 13. Bd2 0-0 14. c5 dxc5 15. Bc3 c4 16. Nd4 Bc5 17. Ra1 Bxd4 18. Bxd4 Rfd8 19. Bc3 f6 20. f4 Bf7 21. f5 Re8 22. Bh3 Nd5 23. Bg2 Nxc3 24. bxc3 g6 25. 0-0 gxf5 26. exf5 Bd5 27. Rab1 Rab8 28. Rxb8 Rxb8 29. Rd1 Rd8 30. Rd4 Kf7 31. f3 Rb8 32. Bf1 Rb1 33. Kf2 Rb2+ 34. Kg3 Ke7 35. Bxc4 Kd6 36. Bd3 Kc5 37. Rh4 Rd2 38. Be4 Bxe4 39. Rxe4 Rd3 40. Re6 Rd6 41. Re7 Kc4 42. Rxh7 Kxc3 43. Rxc7 Kb4 44. h4 c5 45. h5 c4 46. h6 c3 47. h7 Rd8 48. Kg4 Kb3 49. Kh5 c2 50. Kg6 Kb2 51. Kxf6 c1Q 52. Rxc1 Kxc1 53. Kg7 1-0

[Event "Olympiad Women-39"]
[Site "Khanty-Mansiysk"]
[Date "2010.09.28"]
[Round "7.20"]
[White "Lkhamsuren, Uuganbayar"]
[Black "Piarnpuu, Leili"]
[Result "0-1"]
[WhiteElo "2206"]
[BlackElo "2111"]
[PlyCount "102"]
[EventDate "2010.09.21"]
[EventType "team-swiss"]
[EventRounds "11"]
[EventCountry "RUS"]
[SourceTitle "CBM 139"]
[Source "ChessBase"]
[SourceDate "2010.11.18"]
[SourceVersion "1"]
[SourceVersionDate "2010.11.18"]
[SourceQuality "1"]
[WhiteTeam "Mongolia (W)"]
[BlackTeam "Estonia (W)"]
[WhiteTeamCountry "MGL"]
[BlackTeamCountry "EST"]

1. e4 e5 2. Nf3 Nc6 3. Bb5 g6 4. 0-0 Bg7 5. c3 d6 6. h3 Bd7 7. d4 Nge7 8. Be3 0-0 9. Qd2 Nxd4 10. cxd4 Bxb5 11. Rc1 a6 12. a4 exd4 13. Bg5 Bd7 14. Bxe7 Qxe7 15. Rxc7 Qd8 16. Rxb7 Bc6 17. Rb3 Bxe4 18. Nxd4 Qf6 19. Ne2 Rab8 20. Rxb8 Rxb8 21. Nbc3 Bc6 22. Rd1 Bf8 23. Nd4 Ba8 24. Qe2 Qg5 25. f3 Bg7 26. Ne4 Bxe4 27. fxe4 Qc5 28. Qf2 Rb4 29. Nf3 Qxf2+ 30. Kxf2 Rxb2+ 31. Kf1 Bf8 32. Rd4 Be7 33. Rc4 Ra2 34. Rd4 Kg7 35. g3 h5 36. Nd2 Kf6 37. Nf3 Ke6 38. Kg1 Bf6 39. Rc4 a5 40. Kf1 Kd7 41. g4 hxg4 42. hxg4 Rb2 43. Kg1 Bd8 44. e5 Bb6+ 45. Kh1 Rb4 46. exd6 Kxd6 47. Nd2 Kd5 48. Rxb4 axb4 49. Kg2 Be3 50. Nb1 Kc4 51. Kf3 Kd3 0-1

[Event "EST-ch (Women)"]
[Site "Tartu"]
[Date "2010.04.04"]
[Round "9"]
[White "Piarnpuu, Leili"]
[Black "Brokko, Margit"]
[Result "1-0"]
[WhiteElo "2119"]
[BlackElo "2097"]
[PlyCount "105"]
[EventDate "2010.03.27"]
[EventType "tourn"]
[EventRounds "9"]
[EventCountry "EST"]
[SourceTitle "CBM 135 Extra"]
[Source "ChessBase"]
[SourceDate "2010.05.04"]
[SourceVersion "1"]
[SourceVersionDate "2010.05.04"]
[SourceQuality "1"]

1. d4 Nf6 2. Nf3 c5 3. d5 e6 4. c4 exd5 5. cxd5 g6 6. Nc3 Bg7 7. g3 0-0 8. Bg2 Re8 9. Nd2 d6 10. 0-0 Nbd7 11. h3 a6 12. a4 Rb8 13. Nc4 Nb6 14. Na3 Qc7 15. e4 Nbd7 16. Be3 c4 17. Qe2 Ne5 18. Rfd1 Bd7 19. a5 Qxa5 20. Nxc4 Qb4 21. Nb6 Bb5 22. Nxb5 axb5 23. Rd4 Qc5 24. Rda4 Qc7 25. Qxb5 Ned7 26. Rc1 Qd8 27. Rac4 h5 28. b4 h4 29. Nxd7 Nxd7 30. g4 Ne5 31. Rc7 Qf6 32. f4 Nxg4 33. hxg4 h3 34. g5 Qb2 35. Bf3 Ra8 36. R7c2 Qb3 37. Qe2 Ra3 38. Kf2 f5 39. e5 dxe5 40. Rc3 Qxb4 41. Rxa3 Qxa3 42. Qb5 Ra8 43. fxe5 Bxe5 44. Qxb7 Qa2+ 45. Be2 f4 46. Rc8+ Rxc8 47. Qxc8+ Kg7 48. Qd7+ Kg8 49. Qe6+ Kh7 50. Qxh3+ Kg8 51. Qe6+ Kh7 52. Qxe5 fxe3+ 53. Kxe3 1-0

[Event "Stockholm SCT (Women)"]
[Site "Stockholm"]
[Date "2009.06.25"]
[Round "9"]
[White "Skinke, Katrina"]
[Black "Piarnpuu, Leili"]
[Result "1/2-1/2"]
[WhiteElo "2210"]
[BlackElo "2130"]
[PlyCount "28"]
[EventDate "2009.06.17"]
[EventType "tourn"]
[EventRounds "9"]
[EventCountry "SWE"]
[SourceTitle "CBM 130 Extra"]
[Source "ChessBase"]
[SourceDate "2009.07.02"]
[SourceVersion "2"]
[SourceVersionDate "2009.07.15"]
[SourceQuality "1"]

1. e4 e5 2. Nf3 Nc6 3. Bc4 Bc5 4. c3 Nf6 5. d3 a6 6. 0-0 d6 7. Bb3 Ba7 8. Nbd2 0-0 9. h3 h6 10. Re1 Be6 11. Nf1 Re8 12. Ng3 d5 13. Qe2 Qd7 14. Nh2 Rad8 1/2-1/2

[Event "Stockholm SCT (Women)"]
[Site "Stockholm"]
[Date "2009.06.22"]
[Round "6"]
[White "Piarnpuu, Leili"]
[Black "Fransson, Angelina"]
[Result "1-0"]
[WhiteElo "2130"]
[BlackElo "1844"]
[PlyCount "75"]
[EventDate "2009.06.17"]
[EventType "tourn"]
[EventRounds "9"]
[EventCountry "SWE"]
[SourceTitle "CBM 130 Extra"]
[Source "ChessBase"]
[SourceDate "2009.07.02"]
[SourceVersion "2"]
[SourceVersionDate "2009.07.15"]
[SourceQuality "1"]

1. d4 c5 2. d5 f5 3. g3 Nf6 4. Bg2 g6 5. c4 Bg7 6. Nc3 d6 7. Nh3 Na6 8. Nf4 Nc7 9. 0-0 0-0 10. a4 a6 11. e4 Qe8 12. h4 Rb8 13. exf5 Bxf5 14. Re1 Qd8 15. f3 Bc8 16. Ra3 Nd7 17. Kh2 Ne5 18. Qe2 Re8 19. Ne4 b5 20. axb5 axb5 21. b3 bxc4 22. bxc4 Ba6 23. Rxa6 Nxa6 24. Ne6 Qb6 25. Nxg7 Kxg7 26. Qe3 Nf7 27. Ng5 Nxg5 28. Qxg5 Qc7 29. Qh6+ Kg8 30. Re6 Rf8 31. h5 Rf6 32. hxg6 hxg6 33. Bg5 Rxe6 34. dxe6 Qd8 35. Qxg6+ Kh8 36. Qh5+ Kg8 37. Qf7+ Kh8 38. Bxe7 1-0

[Event "EST-ch (Women)"]
[Site "Rakvere"]
[Date "2009.02.22"]
[Round "4"]
[White "Piarnpuu, Leili"]
[Black "Narva, Regina R"]
[Result "1/2-1/2"]
[WhiteElo "2133"]
[BlackElo "2044"]
[PlyCount "30"]
[EventDate "2009.02.20"]
[EventType "tourn"]
[EventRounds "9"]
[EventCountry "EST"]
[SourceTitle "CBM 128 Extra"]
[Source "ChessBase"]
[SourceDate "2009.03.05"]
[SourceVersion "2"]
[SourceVersionDate "2009.03.25"]
[SourceQuality "1"]

1. Nf3 Nf6 2. c4 e6 3. Nc3 b6 4. g3 Ba6 5. b3 Be7 6. Bg2 c6 7. 0-0 d5 8. cxd5 cxd5 9. d4 Nc6 10. Bb2 0-0 11. Re1 Ne4 12. a3 Rc8 13. Rc1 f5 14. e3 Rf6 15. Bf1 Bxf1 1/2-1/2

[Event "EST-ch (Women)"]
[Site "Rakvere"]
[Date "2009.02.20"]
[Round "1"]
[White "Narva, Triin"]
[Black "Piarnpuu, Leili"]
[Result "1/2-1/2"]
[WhiteElo "1835"]
[BlackElo "2133"]
[PlyCount "62"]
[EventDate "2009.02.20"]
[EventType "tourn"]
[EventRounds "9"]
[EventCountry "EST"]
[SourceTitle "CBM 128 Extra"]
[Source "ChessBase"]
[SourceDate "2009.03.05"]
[SourceVersion "2"]
[SourceVersionDate "2009.03.25"]
[SourceQuality "1"]

1. e4 c5 2. Nf3 Nc6 3. Bb5 g6 4. 0-0 Bg7 5. c3 Nf6 6. Re1 0-0 7. d4 cxd4 8. cxd4 d5 9. e5 Ne4 10. h3 Qb6 11. Ba4 f6 12. Bb3 e6 13. Be3 Na5 14. Nbd2 Nxd2 15. Nxd2 f5 16. g3 Bd7 17. Qf3 Rac8 18. Rac1 Rxc1 19. Rxc1 Rc8 20. Rxc8+ Bxc8 21. g4 Bd7 22. gxf5 gxf5 23. Qg2 Be8 24. Kh2 Bg6 25. Qg5 Kf7 26. h4 h6 27. Qg3 Bh5 28. Ba4 Bf8 29. Bb3 Bg7 30. Ba4 Bf8 31. Bb3 Bg7 1/2-1/2

[Event "EST-ch (Women)"]
[Site "Tallinn"]
[Date "2008.03.31"]
[Round "3"]
[White "Gansvind, Valeriya I"]
[Black "Piarnpuu, Leili"]
[Result "1/2-1/2"]
[WhiteElo "2210"]
[BlackElo "2137"]
[PlyCount "45"]
[EventDate "2008.03.29"]
[EventType "tourn"]
[EventRounds "9"]
[EventCountry "EST"]
[SourceTitle "CBM 123 Extra"]
[Source "ChessBase"]
[SourceDate "2008.05.06"]
[SourceVersion "1"]
[SourceVersionDate "2008.05.06"]
[SourceQuality "1"]

1. d4 Nf6 2. Nf3 e6 3. g3 d5 4. Bg2 Be7 5. 0-0 0-0 6. b3 b6 7. Bb2 Bb7 8. Ne5 Nbd7 9. Nd2 c5 10. e3 Rc8 11. c4 Bd6 12. Nxd7 Qxd7 13. dxc5 Bxc5 14. Bxf6 gxf6 15. cxd5 Bxd5 16. e4 Bc6 17. Qg4+ Kh8 18. Rad1 Qe7 19. Nc4 Rcd8 20. Qh5 Kg7 21. Qg4+ Kh8 22. Qh5 Kg7 23. Qg4+ 1/2-1/2

[Event "Keres Memorial-B"]
[Site "Tallinn"]
[Date "2008.01.14"]
[Round "9"]
[White "Korchagina, Victoria"]
[Black "Piarnpuu, Leili"]
[Result "1/2-1/2"]
[WhiteElo "2182"]
[BlackElo "2137"]
[PlyCount "54"]
[EventDate "2008.01.06"]
[EventType "tourn"]
[EventRounds "9"]
[EventCountry "EST"]
[EventCategory "1"]
[SourceTitle "CBM 122 Extra"]
[Source "ChessBase"]
[SourceDate "2008.03.04"]
[SourceVersion "1"]
[SourceVersionDate "2008.03.04"]
[SourceQuality "1"]

1. e4 e5 2. Nf3 Nc6 3. Bb5 a6 4. Ba4 Nf6 5. 0-0 Be7 6. Re1 b5 7. Bb3 d6 8. c3 0-0 9. h3 Nb8 10. d4 Nbd7 11. Nbd2 Bb7 12. Bc2 Re8 13. Nf1 Bf8 14. Ng3 g6 15. a4 Bg7 16. Qe2 c6 17. Bg5 h6 18. Be3 Qc7 19. Nh2 exd4 20. cxd4 c5 21. dxc5 Nxc5 22. axb5 axb5 23. Rxa8 Rxa8 24. b4 Ncxe4 25. Bxe4 Nxe4 26. Nxe4 Bxe4 27. Qxb5 Rb8 1/2-1/2

[Event "Keres Memorial-B"]
[Site "Tallinn"]
[Date "2008.01.12"]
[Round "7"]
[White "Skinke, Katrina"]
[Black "Piarnpuu, Leili"]
[Result "1/2-1/2"]
[WhiteElo "2180"]
[BlackElo "2137"]
[PlyCount "108"]
[EventDate "2008.01.06"]
[EventType "tourn"]
[EventRounds "9"]
[EventCountry "EST"]
[EventCategory "1"]
[SourceTitle "CBM 122 Extra"]
[Source "ChessBase"]
[SourceDate "2008.03.04"]
[SourceVersion "1"]
[SourceVersionDate "2008.03.04"]
[SourceQuality "1"]

1. e4 e5 2. Nf3 Nc6 3. Bc4 Bc5 4. d3 Nf6 5. 0-0 a6 6. c3 d6 7. Bb3 Ba7 8. Re1 h6 9. h3 0-0 10. Nbd2 Ne7 11. Nf1 Ng6 12. Ng3 Be6 13. d4 Qc8 14. Bc2 Re8 15. Nf5 d5 16. dxe5 Nxe4 17. N5d4 c5 18. Nxe6 Qxe6 19. Bxe4 dxe4 20. Rxe4 f6 21. b3 Rad8 22. Qe1 fxe5 23. c4 Bb8 24. Bd2 b6 25. Qe2 Qf7 26. Re1 Rd7 27. Bc1 Rf8 28. Rd1 Rfd8 29. Rxd7 Qxd7 30. Kh2 Rf8 31. g3 Bc7 32. Bb2 Qf5 33. Kg2 Re8 34. Ba1 Qf6 35. Qe3 Qf5 36. Bb2 Kh7 37. a4 Re7 38. Bc3 Re8 39. Ba1 Re7 40. Bb2 Re8 41. Qe2 a5 42. h4 Re7 43. Nh2 Nf8 44. Qg4 g6 45. Qe2 Nd7 46. Ng4 h5 47. Nh2 Nf6 48. Re3 Kg7 49. Nf3 Ng4 50. Re4 Kg8 51. Bc3 Nf6 52. Re3 Ng4 53. Re4 Nf6 54. Re3 Ng4 1/2-1/2

[Event "Keres Memorial-B"]
[Site "Tallinn"]
[Date "2008.01.07"]
[Round "2"]
[White "Piarnpuu, Leili"]
[Black "Khukhashvili, Sopiko"]
[Result "0-1"]
[WhiteElo "2137"]
[BlackElo "2387"]
[PlyCount "160"]
[EventDate "2008.01.06"]
[EventType "tourn"]
[EventRounds "9"]
[EventCountry "EST"]
[EventCategory "1"]
[SourceTitle "CBM 122 Extra"]
[Source "ChessBase"]
[SourceDate "2008.03.04"]
[SourceVersion "1"]
[SourceVersionDate "2008.03.04"]
[SourceQuality "1"]

1. Nf3 Nf6 2. c4 e6 3. Nc3 Bb4 4. Qc2 c5 5. a3 Ba5 6. g3 Nc6 7. Bg2 0-0 8. 0-0 a6 9. d3 h6 10. Rb1 Qe7 11. e3 d6 12. Bd2 Rb8 13. Na2 Bxd2 14. Nxd2 Bd7 15. b4 h5 16. Nf3 Rfc8 17. bxc5 dxc5 18. Nc3 Be8 19. Rb2 Na7 20. h4 b5 21. Ng5 Rd8 22. Nce4 Nxe4 23. Nxe4 Rbc8 24. Qe2 Nc6 25. Rd1 g6 26. Qc2 f5 27. Ng5 Ne5 28. Qb1 Nf7 29. Nxf7 Qxf7 30. Rbd2 Qf6 31. Qb3 Rb8 32. Bf3 Bf7 33. Qc2 Rdc8 34. Kg2 e5 35. Be2 Be6 36. Rb1 f4 37. e4 Rf8 38. Bf1 Rbc8 39. cxb5 axb5 40. Rxb5 fxg3 41. Rb1 Qxh4 42. fxg3 Qh3+ 43. Kg1 Qxg3+ 44. Rg2 Qe3+ 45. Kh1 Kh7 46. Qd2 Qf4 47. Kg1 h4 48. Rf2 Qxd2 49. Rxd2 Rf4 50. a4 Ra8 51. Ra1 Ra5 52. Kh2 Rf7 53. Bh3 Bxh3 54. Kxh3 g5 55. Rb2 Kg6 56. Rb5 Rxb5 57. axb5 Rf3+ 58. Kg2 Rxd3 59. Rb1 Rd7 60. b6 Rb7 61. Kf3 Kh5 62. Kg2 c4 63. Rb5 c3 64. Rxe5 Rxb6 65. Rc5 Rb2+ 66. Kf3 c2 67. e5 Rb5 68. Rxc2 Rxe5 69. Rc8 Rf5+ 70. Kg2 Kg4 71. Rc4+ Rf4 72. Rc2 h3+ 73. Kh2 Kh4 74. Rc3 g4 75. Kg1 Rf3 76. Rc2 Ra3 77. Rc1 Ra4 78. Rb1 g3 79. Kh1 h2 80. Kg2 Ra2+ 0-1

[Event "EST-ch (Women)"]
[Site "Tallinn"]
[Date "2007.01.24"]
[Round "6"]
[White "Piarnpuu, Leili"]
[Black "Tsiganova, Monika"]
[Result "1/2-1/2"]
[WhiteElo "2190"]
[BlackElo "2214"]
[PlyCount "153"]
[EventDate "2007.01.20"]
[EventType "tourn"]
[EventRounds "9"]
[EventCountry "EST"]
[SourceTitle "CBM 116 Extra"]
[Source "ChessBase"]
[SourceDate "2007.03.07"]
[SourceVersion "1"]
[SourceVersionDate "2007.03.07"]
[SourceQuality "1"]

1. d4 Nf6 2. g3 g6 3. Bg2 Bg7 4. e4 d6 5. Nc3 c6 6. Nge2 Nbd7 7. 0-0 0-0 8. h3 e5 9. Be3 Re8 10. g4 exd4 11. Bxd4 c5 12. Be3 Ne5 13. Bg5 h6 14. Bh4 g5 15. Bg3 h5 16. f3 Nc4 17. Qc1 h4 18. Bf2 Nh7 19. b3 Ne5 20. Qd2 Ng6 21. Rad1 Be5 22. Bxc5 Bxg4 23. fxg4 dxc5 24. Qxd8 Raxd8 25. Nd5 Rd6 26. c4 Kg7 27. Ne3 Rxd1 28. Rxd1 Nhf8 29. Rd5 b6 30. Rd1 Kf6 31. Nd5+ Ke6 32. Kf2 Nd7 33. Ke3 Nb8 34. Rf1 Nc6 35. Rd1 Rc8 36. Rd2 Nd4 37. Nxd4+ Bxd4+ 38. Ke2 Ke5 39. Rd3 f6 40. Rf3 Ke6 41. Rf5 Be5 42. Rf3 Nf8 43. Rd3 Nd7 44. Ne3 Bd4 45. Nd5 Ne5 46. Rd1 Nc6 47. e5 Bxe5 48. Be4 Kf7 49. Rf1 Nd4+ 50. Kd3 Rd8 51. Bf5 Nxf5 52. Rxf5 Bd4 53. Rf3 Re8 54. Kd2 Re4 55. Rf1 Be5 56. Rf3 Rd4+ 57. Ke2 b5 58. Ne3 a6 59. Nf5 Rd7 60. Rd3 Rc7 61. Ne3 bxc4 62. Nxc4 Bd4 63. Kf3 Kg6 64. Nd6 Rc6 65. Nf5 Kf7 66. Ke4 Re6+ 67. Kd5 Re2 68. Nxd4 cxd4 69. a4 f5 70. gxf5 Kf6 71. Kxd4 Kxf5 72. Rf3+ Kg6 73. b4 Ra2 74. a5 Rc2 75. Re3 Rc6 76. Kd5 Rf6 77. Re8 1/2-1/2

[Event "EST-ch (Women)"]
[Site "Tallinn"]
[Date "2007.01.23"]
[Round "5"]
[White "Kyrge, Kersti"]
[Black "Piarnpuu, Leili"]
[Result "1/2-1/2"]
[WhiteElo "1899"]
[BlackElo "2190"]
[PlyCount "50"]
[EventDate "2007.01.20"]
[EventType "tourn"]
[EventRounds "9"]
[EventCountry "EST"]
[SourceTitle "CBM 116 Extra"]
[Source "ChessBase"]
[SourceDate "2007.03.07"]
[SourceVersion "1"]
[SourceVersionDate "2007.03.07"]
[SourceQuality "1"]

1. e4 c5 2. Nc3 Nc6 3. f4 g6 4. Nf3 Bg7 5. Bc4 e6 6. 0-0 Nge7 7. d3 0-0 8. Qe1 d5 9. Bb3 Nd4 10. Ne2 Nxf3+ 11. Rxf3 b5 12. c3 Bb7 13. exd5 exd5 14. d4 c4 15. Bc2 Bc8 16. Ng3 f5 17. Re3 Nc6 18. Nf1 a5 19. Kh1 Qd6 20. Qh4 Ra7 21. Nd2 Bf6 22. Qh6 Bg7 23. Qh4 Bf6 24. Qh6 Bg7 25. Qh4 Bf6 1/2-1/2

[Event "EST-ch (Women)"]
[Site "Tallinn"]
[Date "2007.01.22"]
[Round "4"]
[White "Piarnpuu, Leili"]
[Black "Bashkite, Viktoria"]
[Result "1/2-1/2"]
[WhiteElo "2190"]
[BlackElo "2247"]
[PlyCount "27"]
[EventDate "2007.01.20"]
[EventType "tourn"]
[EventRounds "9"]
[EventCountry "EST"]
[SourceTitle "CBM 116 Extra"]
[Source "ChessBase"]
[SourceDate "2007.03.07"]
[SourceVersion "1"]
[SourceVersionDate "2007.03.07"]
[SourceQuality "1"]

1. d4 e6 2. Nf3 f5 3. g3 Nf6 4. Bg2 Be7 5. 0-0 0-0 6. c4 d6 7. Nc3 Ne4 8. Qc2 Nxc3 9. bxc3 Nc6 10. e4 Na5 11. exf5 exf5 12. Nd2 Rb8 13. Nb3 Nc6 14. f4 1/2-1/2

[Event "EST-ch (Women)"]
[Site "Tallinn"]
[Date "2007.01.21"]
[Round "3"]
[White "Piarnpuu, Leili"]
[Black "Narva, Regina R"]
[Result "1/2-1/2"]
[WhiteElo "2190"]
[BlackElo "2086"]
[PlyCount "40"]
[EventDate "2007.01.20"]
[EventType "tourn"]
[EventRounds "9"]
[EventCountry "EST"]
[SourceTitle "CBM 116 Extra"]
[Source "ChessBase"]
[SourceDate "2007.03.07"]
[SourceVersion "1"]
[SourceVersionDate "2007.03.07"]
[SourceQuality "1"]

1. Nf3 Nf6 2. c4 e6 3. d4 b6 4. g3 Bb7 5. Bg2 c5 6. d5 exd5 7. Nh4 b5 8. cxd5 d6 9. 0-0 g6 10. a4 b4 11. b3 Bg7 12. Bb2 0-0 13. e4 Nbd7 14. Re1 Re8 15. Nd2 Nxe4 16. Bxg7 Nxd2 17. Rxe8+ Qxe8 18. Bb2 Ne4 19. Qd3 Nef6 20. Qd2 Qf8 1/2-1/2

[Event "Keres Memorial (Women)"]
[Site "Tallinn"]
[Date "2007.01.12"]
[Round "9"]
[White "Skinke, Katrina"]
[Black "Piarnpuu, Leili"]
[Result "1/2-1/2"]
[WhiteElo "2132"]
[BlackElo "2190"]
[PlyCount "20"]
[EventDate "2007.01.06"]
[EventType "tourn"]
[EventRounds "9"]
[EventCountry "EST"]
[SourceTitle "CBM 116 Extra"]
[Source "ChessBase"]
[SourceDate "2007.03.07"]
[SourceVersion "1"]
[SourceVersionDate "2007.03.07"]
[SourceQuality "1"]

1. e4 e5 2. Nf3 Nc6 3. Bc4 Bc5 4. d3 Nf6 5. 0-0 a6 6. Bb3 d6 7. c3 Ba7 8. Nbd2 0-0 9. Nc4 h6 10. Ne3 Ne7 1/2-1/2

[Event "Keres Memorial (Women)"]
[Site "Tallinn"]
[Date "2007.01.09"]
[Round "5"]
[White "Piarnpuu, Leili"]
[Black "Shvyrjov, Igor"]
[Result "0-1"]
[WhiteElo "2190"]
[BlackElo "2412"]
[PlyCount "74"]
[EventDate "2007.01.06"]
[EventType "tourn"]
[EventRounds "9"]
[EventCountry "EST"]
[SourceTitle "CBM 116 Extra"]
[Source "ChessBase"]
[SourceDate "2007.03.07"]
[SourceVersion "1"]
[SourceVersionDate "2007.03.07"]
[SourceQuality "1"]

1. Nf3 Nf6 2. c4 d6 3. d4 g6 4. g3 Bg7 5. Bg2 0-0 6. 0-0 c6 7. Nc3 Qa5 8. h3 Be6 9. Qd3 Qa6 10. b3 d5 11. Nd2 Rd8 12. Bb2 Nbd7 13. Rfd1 dxc4 14. Nxc4 Nd5 15. Nxd5 Bxd5 16. Bxd5 cxd5 17. Ne3 Qe6 18. Kg2 h5 19. Nf1 Rac8 20. Rac1 Bh6 21. e3 f5 22. h4 Nf6 23. Nd2 Ne4 24. Nf3 Qb6 25. Ne5 Bg7 26. Rc2 Bxe5 27. dxe5 Rc6 28. Bd4 Qa5 29. Rxc6 bxc6 30. Qc2 c5 31. Ba1 c4 32. bxc4 Rc8 33. Rd4 Qe1 34. Bb2 Kh7 35. e6 Rxc4 36. Rxc4 dxc4 37. Be5 c3 0-1

[Event "Keres Memorial (Women)"]
[Site "Tallinn"]
[Date "2007.01.07"]
[Round "2"]
[White "Zjukin, Sergei"]
[Black "Piarnpuu, Leili"]
[Result "1/2-1/2"]
[WhiteElo "2357"]
[BlackElo "2190"]
[PlyCount "45"]
[EventDate "2007.01.06"]
[EventType "tourn"]
[EventRounds "9"]
[EventCountry "EST"]
[SourceTitle "CBM 116 Extra"]
[Source "ChessBase"]
[SourceDate "2007.03.07"]
[SourceVersion "1"]
[SourceVersionDate "2007.03.07"]
[SourceQuality "1"]

1. e4 e5 2. Nf3 Nc6 3. Bb5 g6 4. d4 exd4 5. Bg5 Be7 6. Bxe7 Qxe7 7. Bxc6 dxc6 8. Qxd4 Nf6 9. Nc3 Bg4 10. Nd2 c5 11. Qe3 0-0-0 12. h3 Be6 13. 0-0-0 Rhe8 14. Rhe1 Kb8 15. Qg5 Ng8 16. Qxe7 Nxe7 17. Nf3 h6 18. Ne5 c6 19. Rxd8+ Rxd8 20. Rd1 Rxd1+ 21. Kxd1 Kc7 22. Kd2 b6 23. Ke3 1/2-1/2